| 000 | 00517pab a2200193 454500 | ||
|---|---|---|---|
| 008 | 180718b2014 xxu||||| |||| 00| 0 eng d | ||
| 100 | _aPaul, Sujoy | ||
| 245 | _aEducational thoughts of Tagore and Radhakrishna: a comparative analysis | ||
| 260 | _c2014 | ||
| 300 | _ap.10-15. | ||
| 362 | _a8 Sep | ||
| 650 | _aRadhakrishna, Sarvepalli | ||
| 650 | _aTagore, Rabindranath | ||
| 650 | _aEducation | ||
| 700 | _aRath, Sanat Kumar | ||
| 700 | _aBanerjee, Soma | ||
| 773 | _aUniversity News | ||
| 909 | _a110196 | ||
| 999 |
_c110191 _d110191 |
||